[Event "C.to Europeo U16 femminile"]
[Site "Albena BUL"]
[Date "2011.09.13"]
[Round "3"]
[White "Chiarion, Elisa"]
[Black "Durmaz, Ayca Fatma"]
[Result "1-0"]
[WhiteElo "2012"]
[BlackElo "1816"]
[PlyCount "81"]
[EventDate "2011.09.11"]

1. e4 c5 2. Nf3 d6 3. d4 cxd4 4. Nxd4 Nf6 5. Nc3 a6 6. f4 Qc7 7. a4 e6 8. Be2
Be7 9. O-O O-O 10. Bf3 Nc6 11. Nce2 Re8 12. Kh1 Rb8 13. g4 Nd7 14. g5 b5 15.
axb5 axb5 16. Qe1 b4 17. Bd2 Nxd4 18. Nxd4 Qc4 19. c3 bxc3 20. Bxc3 e5 21. Nf5
Bf8 22. Ne3 Qc5 23. f5 Bb7 24. Ng4 Qc4 25. f6 g6 26. Ne3 Qc5 27. h4 d5 28. Ra5
Qb6 29. Nxd5 Bxd5 30. Rxd5 Qc7 31. h5 gxh5 32. Bxh5 Nb6 33. Rd2 Nc4 34. Rh2 Nd6
35. Qh4 Qc4 36. Re1 Ra8 37. g6 h6 38. g7 Bxg7 39. fxg7 Ra4 40. Bd1 Nf5 41. Qf2
1-0

[Event "C.to Europeo U16 femminile"]
[Site "Albena BUL"]
[Date "2011.09.15"]
[Round "5"]
[White "Fataliyeva, Ulviyya Hasil Qizi"]
[Black "Chiarion, Elisa"]
[Result "1-0"]
[WhiteElo "2136"]
[BlackElo "2012"]
[PlyCount "49"]
[EventDate "2011.09.11"]

1. e4 c5 2. Nf3 d6 3. d4 cxd4 4. Nxd4 Nf6 5. Nc3 g6 6. Be3 Bg7 7. f3 O-O 8. Qd2
Nc6 9. Bc4 Bd7 10. O-O-O Qc7 11. Bb3 Rfc8 12. g4 Na5 13. h4 Nc4 14. Bxc4 Qxc4
15. Kb1 b5 16. h5 a5 17. hxg6 fxg6 18. Bh6 Bh8 19. Rhe1 e6 20. g5 Ne8 21. Qf4
Bg7 22. Bxg7 Kxg7 23. e5 a4 24. Rh1 a3 25. Rxh7+ 1-0

[Event "C.to Europeo U16 femminile"]
[Site "Albena BUL"]
[Date "2011.09.17"]
[Round "6"]
[White "Chiarion, Elisa"]
[Black "Gogishvili, Dea"]
[Result "0-1"]
[WhiteElo "2012"]
[BlackElo "1874"]
[PlyCount "78"]
[EventDate "2011.09.11"]

1. e4 c5 2. Nf3 e6 3. g3 Nc6 4. Bg2 e5 5. O-O g6 6. d3 Bg7 7. Be3 d6 8. c3 Nf6
9. h3 O-O 10. Nbd2 Nd7 11. Nc4 Qe7 12. Qd2 f5 13. Bg5 Qe6 14. Ne3 Nb6 15. Nd5
Qf7 16. Bh6 Nxd5 17. exd5 Ne7 18. Bxg7 Qxg7 19. Rfe1 Bd7 20. Ng5 Rae8 21. f4 h6
22. Ne6 Bxe6 23. dxe6 Nc6 24. Bd5 Kh7 25. fxe5 dxe5 26. Qe3 f4 27. Qxc5 fxg3
28. Rf1 Rf5 29. Rae1 Qf6 30. Bxc6 bxc6 31. Rxf5 Qxf5 32. Rxe5 Qxh3 33. Qxa7+
Kh8 34. Re2 Rf8 35. Qd4+ Kg8 36. Rg2 Qf5 37. Kh1 Qh3+ 38. Kg1 Qf5 39. Kh1 Qh5+
0-1

[Event "C.to Europeo U16 femminile"]
[Site "Albena BUL"]
[Date "2011.09.18"]
[Round "7"]
[White "Mirzabekyan, Svetlana"]
[Black "Chiarion, Elisa"]
[Result "1/2-1/2"]
[WhiteElo "1823"]
[BlackElo "2012"]
[PlyCount "97"]
[EventDate "2011.09.11"]

1. e4 c5 2. Nf3 d6 3. c3 Nf6 4. Be2 g6 5. O-O Bg7 6. Re1 Nbd7 7. Bf1 Qc7 8. d4
b6 9. Na3 O-O 10. e5 dxe5 11. Nxe5 Nxe5 12. dxe5 Ng4 13. f4 h5 14. Bd3 Be6 15.
Be4 Rad8 16. Qf3 Nh6 17. Nc2 Bf5 18. Ne3 Bxe4 19. Qxe4 Qd7 20. Nc4 Qd3 21. Nd2
Qxe4 22. Nxe4 Rd7 23. Be3 Rfd8 24. Kf1 Rd3 25. Nf2 R3d7 26. Rad1 Ng4 27. Rxd7
Nxe3+ 28. Rxe3 Rxd7 29. Rd3 Rxd3 30. Nxd3 c4 31. Nb4 g5 32. g3 gxf4 33. gxf4
Bh6 34. f5 Bf4 35. Nc6 Bxh2 36. Nxe7+ Kf8 37. Nc6 Ke8 38. e6 fxe6 39. fxe6 a6
40. Nb4 a5 41. Nd5 b5 42. Kg2 Be5 43. Kh3 b4 44. a3 bxc3 45. bxc3 Bxc3 46. Nb6
Be1 47. Nxc4 Ke7 48. Nxa5 Bxa5 49. Kh4 1/2-1/2

[Event "C.to Europeo U16 femminile"]
[Site "Albena BUL"]
[Date "2011.09.19"]
[Round "8"]
[White "Chiarion, Elisa"]
[Black "Mabille, Natacha"]
[Result "0-1"]
[WhiteElo "2012"]
[BlackElo "1848"]
[PlyCount "74"]
[EventDate "2011.09.11"]

1. e4 e5 2. Nf3 Nc6 3. Bc4 Bc5 4. c3 Nf6 5. d4 exd4 6. cxd4 Bb4+ 7. Nc3 Nxe4 8.
O-O Bxc3 9. d5 Bf6 10. Re1 O-O 11. Rxe4 Ne7 12. Ng5 d6 13. Qh5 Bf5 14. Re2 Bg6
15. Qh3 Nc8 16. Ne4 Nb6 17. Bb3 Re8 18. Qf3 Bxe4 19. Rxe4 Rxe4 20. Qxe4 Qe8 21.
f3 Qxe4 22. fxe4 Re8 23. Bc2 c6 24. dxc6 bxc6 25. a4 d5 26. exd5 cxd5 27. Bb3
Nc4 28. Bxc4 dxc4 29. Kf2 Rb8 30. Rb1 h6 31. Ke2 Rb4 32. a5 Ra4 33. b3 Ra2+ 34.
Kf3 cxb3 35. Rxb3 Rxa5 36. Be3 a6 37. Rb6 Ra2 0-1

[Event "C.to Europeo U16 femminile"]
[Site "Albena BUL"]
[Date "2011.09.20"]
[Round "9"]
[White "Matisone, Dana"]
[Black "Chiarion, Elisa"]
[Result "0-1"]
[WhiteElo "1607"]
[BlackElo "2012"]
[PlyCount "114"]
[EventDate "2011.09.11"]

1. e4 c5 2. c3 d5 3. exd5 Qxd5 4. d4 g6 5. Nf3 Bg7 6. dxc5 Qxc5 7. Be3 Qc7 8.
Bb5+ Bd7 9. Bxd7+ Nxd7 10. O-O e5 11. Nbd2 Ne7 12. Ne4 Nf5 13. Bd2 O-O 14. Re1
Rfe8 15. Qb3 Nb6 16. Bg5 Qc6 17. Rad1 h6 18. Bc1 Rad8 19. Rxd8 Rxd8 20. Ned2
Re8 21. Ne4 a5 22. Nfd2 Rd8 23. h3 a4 24. Qd1 Nd5 25. Qf3 Nf4 26. Ng3 Nxg3 27.
fxg3 Nd3 28. Qxc6 bxc6 29. Kf1 Nxc1 30. Rxc1 Rxd2 31. Rb1 e4 32. a3 Be5 33. Re1
f5 34. Re2 Rd3 35. g4 Bg3 36. Rc2 Rd1+ 37. Ke2 Re1+ 38. Kd2 f4 39. c4 e3+ 40.
Kd3 Bf2 41. Ke4 g5 42. Kf3 Bg3 43. Ke4 Kf7 44. c5 Ke6 45. Rc4 Rb1 46. Rc2 Rd1
47. Re2 Rd2 48. Kf3 Rxe2 49. Kxe2 Kd5 50. Kd3 Kxc5 51. Ke2 Kc4 52. Kd1 Kd3 53.
b4 e2+ 54. Kc1 e1=Q+ 55. Kb2 Qc3+ 56. Ka2 Kc2 57. b5 Qb2# 0-1